[Event "Mitropa Cup 21st"]
[Site "Leipzig"]
[Date "2002.05.03"]
[Round "1.3"]
[White "Sarno, Spartaco"]
[Black "Horvath, Adam"]
[Result "1-0"]
[WhiteElo "2399"]
[BlackElo "2464"]
[Annotator "Ribli"]
[PlyCount "79"]
[EventDate "2002.05.03"]
[EventType "team-tourn"]
[EventRounds "9"]
[EventCountry "GER"]
[Source "ChessBase"]
[SourceDate "2002.08.12"]
[WhiteTeam "Italy"]
[BlackTeam "Hungary"]
[WhiteTeamCountry "ITA"]
[BlackTeamCountry "HUN"]

1. c4 c5 2. Nc3 Nc6 3. g3 g6 4. Bg2 Bg7 5. e3 e5 {Das ist kein schlechter Zug,
aber 5...e6 ist sicherer. Danach kann Weiß kaum Eröffnungsvorteil erreichen.
Allerdings ist es verständlich, dass Schwarz - angesichts der Elodifferenz -
eine asymmetrische Stellung herbeiführen will.} 6. Nge2 Nge7 7. O-O O-O 8. d3 (
8. a3) 8... a6 {Schwarz möchte in der Folge b7-b5 spielen, die Alternative 8...
Rb8 scheint mir allerdings präziser - denn hier kann Schwarz u.U. auf den Zug
a6 verzichten und gleich b7-b5 durchsetzen. Zudem muss der Turm das Feld a8
früher oder später ohnehin verlassen.} (8... Rb8 $5 9. b3 (9. a3 $5) 9... d6
10. h3 Be6 11. Nd5 b5 12. Bb2 Qd7 13. Kh2 f5 14. Qd2 a5 15. Nec3 b4 16. Ne2 a4
17. Rad1 Bf7 18. d4 Nxd5 19. cxd5 Na5 {1/2-1/2 Markowski,T-Movsesian,S/
Koszalin 1998/CBM 65 ext (75)}) 9. a3 (9. b3 b5 10. Bb2 Rb8 11. Qd2 d6 12. h3 (
12. Rac1 h5 13. Nd5 Bb7 14. Rfd1 Nxd5 15. Bxd5 b4 16. d4 Qe7 17. Bg2 Rbd8 18.
Qc2 {1/2-1/2 Radulov,I-Ribli,Z/Helsinki 1972/MCD (67)}) 12... Qa5 13. Rfd1 Bb7
14. Nd5 Qxd2 15. Rxd2 Nxd5 16. Bxd5 Ne7 17. Bxb7 Rxb7 18. Nc3 f5 {1/2-1/2
Markowski,T-Kruppa,Y/Lubniewice 1998/EXT 99 (31)}) 9... Rb8 (9... b5 10. Nxb5
$5 (10. cxb5 axb5 11. Nxb5 d5 $44) 10... axb5 11. cxb5 d5 12. bxc6 Nxc6 13. Qc2
$14 {Schwarz hat ein aktives Zentrum aufgebaut. Das alleine ist aber m.E. kein
ausreichender Ersatz für den Bauern.}) 10. b4 $5 {Durch dieses (vorübergehende)
Bauernopfer verschafft sich Weiß dauerhafte Initiative am Damenflügel.} cxb4 (
10... d6 11. b5 $14 (11. Rb1 cxb4 12. axb4 b5 13. cxb5 axb5 $11)) 11. axb4 Nxb4
12. Ba3 {Weiß macht Druck am Damenflügel. Diese Stellung erinnert an das
Wolga-Gambit - Schwarz hat einen Bauern auf der a- und b-Linie, aber Weiß
bekommt hier gutes Spiel.} a5 13. Rb1 (13. Bxb4 axb4 14. Na2 d5 (14... b5 15.
c5 $13) 15. Nxb4 dxc4 16. dxc4 Be6 $11) 13... Nec6 (13... Nbc6 $2 14. Bd6 Ra8
15. c5 $16 {[%csl Gd6]}) 14. Nd5 (14. d4 d6 15. d5 Ne7 16. Bxb4 axb4 17. Rxb4
f5 $11) 14... d6 (14... b5 15. Nxb4 axb4 16. Bxb4 Nxb4 17. Rxb4 Ba6 18. Qa1 $16
) 15. Bxb4 axb4 16. Nxb4 Nxb4 17. Rxb4 $14 {[%csl Rb7][%cal Gg2b7] Die weiße
Bauernstruktur ist kerngesund, der schwarze Pb7 hingegen ist prinzipiell
schwach. Schwarz besitzt zwar das Läuferpaar, aber das hat hier keine
Bedeutung.} Bg4 18. h3 Bd7 (18... Bxe2 19. Qxe2 $14 {[%csl Rb7,Yd5]}) 19. Qb3
Bc6 20. Rb1 (20. Bxc6 $2 bxc6 21. Rb1 Rxb4 22. Qxb4 d5 $11) 20... Rc8 (20...
Bxg2 $2 21. Kxg2 $16) 21. Nc3 {[%cal Gc3d5]} h5 {Schwarz möchte mit 22...h4
Gegenspiel am Königsflügel entwickeln.} 22. h4 g5 $6 {Dieser Zug gefällt mir
nicht, denn er schwächt den eigenen Königsflügel. Schwarz täte besser daran,
die Stellung mit Wartezügen zu halten, wie sie ist. Aber auch dann besäße Weiß
positionellen Vorteil.} (22... Kh7 23. Nd5 $14 (23. Rb6 $14)) 23. hxg5 Qxg5 {
[#]} 24. Rxb7 $1 {[%cal Gh5h4] Ein schönes positionelles Qualitätsopfer, das
Weiß die Vorherrschaft auf den weißen Feldern garantiert.} (24. Bxc6 bxc6 25.
Ne4 Qg6 26. c5 dxc5 (26... d5 27. Nd6 $16) 27. Nxc5 $14) 24... Bxb7 25. Qxb7
$44 {[%csl Yd5,Gg2,Rg7]} f5 (25... h4 26. Ne4 Qh6 27. gxh4 Qxh4 (27... f5 28.
Qd5+ $18) (27... Rcd8 28. Rb6 $16) 28. Nxd6 $18) 26. Nd5 {[%csl Gd5][%cal
Rd5e7,Re7c8,Re7g8]} Kh8 27. Qe7 {[%csl Gd5,Gg2,Rg7][%cal Gb1b7,Gb7g7] Weiß hat
sehr aktives Figurenspiel, da macht es nichts, dass er nur einen Bauern für
die Qualität hat. Der schwarze Bg7 steht zudem sehr passiv.} Qg6 (27... Qxe7
28. Nxe7 $18 {[%cal Re7c8,Re7g6,Rg6h8,Rg6f8]}) 28. Rb6 Rfd8 (28... Rcd8 29. c5
$16 {[%cal Gb6g6]}) 29. Qh4 (29. Bf3 $5 $16 {[%cal Gf3h5]}) 29... Qg4 30. Qe7
$6 (30. Bh3 Qxh4 31. gxh4 $16 {[%csl Rf5]}) 30... Re8 (30... Qg6) (30... e4
$132) 31. Qxd6 h4 (31... e4 $132) 32. Qg6 h3 $2 $138 (32... Qxg6 33. Rxg6 hxg3
34. Rxg3 e4 $36) 33. Qxg4 fxg4 34. Be4 $16 {[%csl Gb6,Gd5,Ge4,Rg4,Rg7,Rh3] Die
schwarzen Bauern auf g4 und h3 sind nicht zu verteidigen.} Ra8 35. Rg6 {[%cal
Rg6g4]} Ra1+ 36. Kh2 Rf8 {Schwarz gewinnt den Pf2, aber das hat keine
Bedeutung.} 37. Rxg4 Rxf2+ 38. Kxh3 Re1 39. Ne7 $18 {[%csl Rh8][%cal Rg4h4,
Rh4h8] Nun droht 40.Rh4+ - der schwarze König befindet sich in Mattnetz.} Bf6 (
39... Rxe3 40. Rh4+ Bh6 41. Rxh6+ Kg7 42. Rh7+ Kf8 43. Ng6+ $18) 40. Rg8# 1-0

[Event "Mitropa Cup 21st"]
[Site "Leipzig"]
[Date "2002.05.03"]
[Round "1.4"]
[White "Czebe, Attila"]
[Black "Mantovani, Renzo"]
[Result "1-0"]
[WhiteElo "2462"]
[BlackElo "2369"]
[PlyCount "93"]
[EventDate "2002.05.03"]
[EventType "team-tourn"]
[EventRounds "9"]
[EventCountry "GER"]
[Source "ChessBase"]
[SourceDate "2002.08.12"]
[WhiteTeam "Hungary"]
[BlackTeam "Italy"]
[WhiteTeamCountry "HUN"]
[BlackTeamCountry "ITA"]

1. d4 Nf6 2. Nf3 d5 3. c4 e6 4. Nc3 Be7 5. cxd5 exd5 6. Bg5 c6 7. e3 Bf5 8. Nh4
Bg6 9. Nxg6 hxg6 10. Bd3 Ne4 11. Bxe7 Qxe7 12. Bxe4 dxe4 13. Qg4 Na6 14. Qxe4
Nb4 15. Qxe7+ Kxe7 16. Ke2 g5 17. h3 f6 18. a3 Nd5 19. Rhc1 Nxc3+ 20. Rxc3 a5
21. d5 Rhc8 22. dxc6 Rxc6 23. Rxc6 bxc6 24. Kd3 Rb8 25. Kc3 Rb5 26. Rd1 Rc5+
27. Kb3 a4+ 28. Kxa4 Rc2 29. Kb3 Rxf2 30. a4 Rxg2 31. a5 Rg3 32. a6 Rxh3 33.
Kb4 Rh8 34. Ka5 f5 35. a7 g4 36. Kb6 g5 37. Kxc6 g3 38. b4 Ra8 39. Kb7 Rg8 40.
a8=Q Rxa8 41. Kxa8 f4 42. exf4 gxf4 43. b5 f3 44. b6 f2 45. b7 g2 46. b8=Q f1=Q
47. Qe5+ 1-0

[Event "Mitropa Cup 21st"]
[Site "Leipzig"]
[Date "2002.05.03"]
[Round "1.1"]
[White "Kortschnoj, Viktor"]
[Black "Beliavsky, Alexander G"]
[Result "1/2-1/2"]
[WhiteElo "2635"]
[BlackElo "2660"]
[Annotator "Hecht"]
[PlyCount "122"]
[EventDate "2002.05.03"]
[EventType "team-tourn"]
[EventRounds "9"]
[EventCountry "GER"]
[Source "ChessBase"]
[SourceDate "2002.08.12"]
[WhiteTeam "Switzerland"]
[BlackTeam "Slovenia"]
[WhiteTeamCountry "SUI"]
[BlackTeamCountry "SLO"]

1. d4 d5 2. c4 c6 3. Nf3 Nf6 4. e3 Bf5 5. Nc3 e6 6. Nh4 Bg6 7. Nxg6 hxg6 8. Qd3
Nbd7 9. g3 dxc4 10. Qxc4 e5 11. Bg2 Nb6 12. Qe2 exd4 13. exd4+ Be7 14. O-O O-O
15. Bf4 Re8 16. Be5 Nfd5 17. Be4 Bb4 18. Nxd5 Nxd5 19. Qf3 Bd6 20. Rfe1 Bxe5
21. Bxd5 Bf6 22. Rxe8+ Qxe8 23. Bc4 Bxd4 24. Qg4 Rd8 25. Qxg6 b5 26. Bb3 Bxf2+
27. Kg2 Rd2 28. Rf1 Bd4+ 29. Kh3 Rxh2+ 30. Kg4 Bf2 31. Qf5 Qe2+ 32. Qf3 Qxf3+
33. Kxf3 Bd4 34. Ke4 Rf2 35. Rxf2 Bxf2 36. g4 Kf8 37. a4 a6 38. axb5 axb5 39.
Bd1 {zwei schwarze Mehrbauern auf zwei verschiedenen Flügeln- und Schwarz
gewinnt dennoch nicht....} Ke7 40. b3 Kd6 41. Bf3 Bh4 42. Kd3 Be7 43. Ke4 Bf6
44. Be2 Ba1 45. Bf3 Bb2 46. Be2 g6 47. Bf3 Ba1 48. Kf4 Bf6 49. Be4 Bd8 50. Bf3
c5 51. Be2 c4 52. bxc4 b4 53. Bd1 Kc5 54. Bb3 Kd4 55. c5 g5+ (55... f6 56. c6
Bc7+ 57. Kf3 f5 (57... Kc3 58. Bf7 g5 59. Ke2 b3 60. Kd1 Kb2 61. Be6 Bf4 62.
Bf7 Ka3 63. Be6 b2 64. Kc2 $11) 58. g5 Kc5 59. Bf7 Kxc6 60. Bxg6 f4 61. Bf7 Be5
62. g6 Kc5 63. g7 Bxg7 64. Kxf4 $11) 56. Kf3 f5 57. gxf5 Kxc5 58. Ke4 Kd6 59.
Bd1 Ke7 60. Ke5 Bc7+ 61. Kd5 Kf6 (61... Kf6 62. Kc5 Ba5 63. Kb5 $11) 1/2-1/2

[Event "Mitropa Cup 21st"]
[Site "Leipzig"]
[Date "2002.05.03"]
[Round "1.2"]
[White "Pavasovic, Dusko"]
[Black "Jenni, Florian"]
[Result "1-0"]
[WhiteElo "2567"]
[BlackElo "2508"]
[Annotator "Postny,E"]
[PlyCount "81"]
[EventDate "2002.05.03"]
[EventType "team-tourn"]
[EventRounds "9"]
[EventCountry "GER"]
[Source "ChessBase"]
[SourceDate "2002.08.12"]
[WhiteTeam "Slovenia"]
[BlackTeam "Switzerland"]
[WhiteTeamCountry "SLO"]
[BlackTeamCountry "SUI"]

1. e4 e5 2. Nf3 Nc6 3. d4 exd4 4. Nxd4 Nf6 5. Nxc6 bxc6 6. e5 Qe7 7. Qe2 Nd5 8.
c4 Ba6 9. b3 O-O-O {This move firstly appeared in match Blackburne-Zukertort
in 1881! The main alternatives are 9...g5 and 9...g6.} 10. g3 ({Also appeares
in practice} 10. Bb2 {, but the move in the text seems to be preferable.})
10... f6 {The alternatives are: 10...Re8, 10...g5, 10...g6.} 11. Bg2 fxe5 12.
O-O e4 13. Qd2 $1 {[%cal Gd2a5] This move was introduced by Motylev a couple
of years ago. Current game is important for this variation.} (13. Qxe4 Qxe4 14.
Bxe4 Nf6 15. Bf5 Bc5 16. Bb2 Kb8 17. Nd2 d5 18. Rab1 $14 {1-0 Vajda,L-Jenni,F/
Yerevan 1999/CBM 72 ext (49)}) 13... Nf6 (13... e3 $2 {was refuted in the game
Motylev,A-Naes,F /Ubeda op 2000/CBM 75 [Mikhalevski,V]}) 14. Qa5 Kb7 {Jenni
probably had good memories about this position (see comments to white's 15th
move), but the next move frustrates his plans...} (14... Bb7 15. Bf4 Ne8 16.
Nd2 (16. Qxa7 $16) 16... Qa3 17. Qxa3 Bxa3 18. Bg5 Nf6 19. Nxe4 Rhf8 $14 {1/
2-1/2 Szieberth,A-Abdel Aziem,R/Tanta 2001/CBM 82 ext (83)}) 15. Bf4 $1 $146 {
[%csl Rc7] It looks like this obvious move refutes the whole line for black.} (
15. Ba3 $2 Qe6 16. Nc3 Bxa3 17. Qxa3 Rhe8 18. Rfe1 Qf5 19. Re2 Re5 20. Rae1
Rde8 $17 {0-1 Kristjansson,S-Jenni,F/Istanbul 2000/EXT 2001 (30)}) 15... d5 (
15... Rc8 16. Nc3 Qb4 17. Qxb4+ Bxb4 18. Nxe4 {with clear advantage for white.}
) (15... d6 16. Nc3 $16) 16. Nc3 Rd7 $6 (16... Nh5 17. cxd5 cxd5 18. Nxd5 Qc5
19. Qxc5 Bxc5 20. Rfc1 c6 (20... Rxd5 $6 21. Bxe4 Nxf4 22. gxf4 Kc6 (22... Bd4
23. Bxd5+ Kc8 $16) 23. b4 Kd6 24. Bxd5 Bd4 $16) 21. Rxc5 cxd5 {White has the
initiative, but black's position is defensible.}) 17. Bh3 {Black is forced to
sacrifice an exchange now, with hope to make use of his pawncentre, but
unsuccessfully as the game shows.} Qb4 18. Qxb4+ Bxb4 19. Bxd7 Bxc3 (19... Nxd7
20. Rfc1 Bxc3 21. Rxc3 d4 22. Rc2 {black has no sufficient compensation for
the exchange.}) 20. Rac1 d4 21. Bf5 {[%csl Ra6] Both white's BB are extremely
strong. Black can not provide sufficient support to his pawncentre also
because of bad Ba6.} c5 (21... Re8 22. Rxc3 dxc3 23. Rc1) ({Black can not
prevent the exchange countersacrifice, since} 21... Bb4 {is bad due to} 22. Be5
{[%csl Rd4,Re4]}) 22. Rxc3 $1 ({Strong as well was} 22. f3 exf3 23. Rxf3) 22...
dxc3 23. Be5 {Pair of strong BB and unrepairable defects of black's
pawnstructure promise white a winning advantage.} Kb6 (23... Rf8 24. Bxc3 $18)
24. Bxc3 Bc8 25. Bxc8 Rxc8 26. Rd1 Re8 ({Probably black could produce more
stubborn resistance after} 26... Kc6 27. Bxf6 gxf6 28. Rd5 Re8) 27. Bxf6 gxf6
28. Rd7 {The penetration of white's R decides the game. The black pawns are
doomed to fall.} h5 29. Kf1 e3 30. Rf7 exf2 (30... e2+ 31. Ke1 Re6 32. Rd7 {
with an easy win.}) 31. Rxf6+ {With such a terrible pawns black has no chances
to survive.} Ka5 32. Kxf2 Re5 (32... Rd8 33. Ke2 Re8+ 34. Kf3 Rd8 35. Rc6) 33.
Rc6 a6 {Did black had a dream here about some stalemate ideas?} 34. h4 Rf5+ 35.
Ke3 Re5+ 36. Kf4 Re2 37. Rxc5+ Kb4 38. Rxc7 Rxa2 39. Rb7+ Kc3 40. c5 Rf2+ 41.
Kg5 1-0

[Event "Mitropa Cup 21st"]
[Site "Leipzig"]
[Date "2002.05.03"]
[Round "1.3"]
[White "Forster, Richard"]
[Black "Mikhalchishin, Adrian"]
[Result "0-1"]
[WhiteElo "2459"]
[BlackElo "2535"]
[Annotator "Bangiev"]
[PlyCount "80"]
[EventDate "2002.05.03"]
[EventType "team-tourn"]
[EventRounds "9"]
[EventCountry "GER"]
[Source "ChessBase"]
[SourceDate "2002.08.12"]
[WhiteTeam "Switzerland"]
[BlackTeam "Slovenia"]
[WhiteTeamCountry "SUI"]
[BlackTeamCountry "SLO"]

1. e4 e5 2. f4 Bc5 3. Nf3 d6 4. Nc3 Nf6 5. Bc4 Nc6 6. d3 Bg4 7. Na4 O-O 8. Nxc5
dxc5 9. O-O Nh5 10. h3 (10. f5 $6 Nd4 $36) (10. fxe5 Nxe5 11. Bb3 c4 $5) 10...
Bxf3 11. Qxf3 Nxf4 12. Bxf4 Nd4 {Ein neuer Zug, der den Gegner offenbar
überrascht hatte.} (12... exf4 13. Qxf4 Qd4+ 14. Qf2 Qxf2+ 15. Kxf2 Ne5 16. Bb3
Rad8 17. Rad1 b5 18. Ke3 $11 {1/2-1/2 Pablo Marin,A-Marin,M/Roses 1992/TD (47)}
) 13. Bxe5 $5 {Eine sozusagen Überreaktion. Weiß opfert die Dame für nur zwei
aber aktiven Läufer. es stellt sich die Frage ob er eine Alternative zum
Partiezug hatte.} (13. Qh5 exf4 14. Rxf4 (14. c3 Ne6 15. Rad1 Qd6 $13) 14... g6
(14... Nxc2 $2 15. Bxf7+) 15. Qd1 b5 16. Bb3 Nxb3 17. axb3 Qd4+ 18. Kh1 Qxb2
$15) (13. Qd1 exf4 14. Rxf4 b5 15. Bb3 Nxb3 16. axb3 Qd4+ 17. Kh1 Qxb2 $15)
13... Nxf3+ 14. Rxf3 Kh8 15. Bc3 f6 $17 {Die schwarze Stellung am Königsflügel
ist stabil und der Nachziehende wollte durch das Vorrücken der Bauern am
Damenflügel die aktiven weißen Läufer verdrängen.} 16. Re1 {/\e5} c6 {/\b5} 17.
a4 Qd7 {/\b5} 18. e5 {Logisch. Um den Bc3 zu öffnen.} fxe5 (18... Rae8 19. Ref1
(19. e6 Qe7) 19... f5 20. e6 Rxe6 21. Bxe6 Qxe6 22. Re1 $36) 19. Rg3 {/\Be5} b5
20. Bb3 Rae8 21. Rxe5 (21. Bxe5 $2 bxa4 22. Bc4 Qd4+ 23. Bxd4 Rxe1+ 24. Kh2
cxd4 $19) 21... b4 (21... Rxe5 22. Bxe5 Re8 23. Rxg7 Qxg7 24. Bxg7+ Kxg7 $17)
22. Rxe8 Rxe8 23. Rxg7 {Mehr konnte Weiß nicht aus dieser Stellung heraus
bekommen.} Qxg7 24. Bxg7+ Kxg7 $17 {Materiell gesehen hat Weiß einen
Mehrbauern für Qualität, also nicht schlecht, die weißen Bauern sind aber kaum
beweglich, werden bald zum Angriffsziel für den schwarzen Turm.} 25. Kf2 Kf6
26. Kf3 (26. Bc4 Kg5 27. g3 {Eine Abwartetaktik wäre hier die bessere Lösung,
hätte aber auch keine Chancen.}) 26... Re1 27. Kf4 Rf1+ 28. Ke4 Rg1 29. g4 Rh1
30. g5+ Kxg5 31. Ke5 Rxh3 32. Kd6 Rh6+ 33. Kxc5 Rf6 34. Kxb4 h5 35. d4 h4 36.
d5 h3 37. dxc6 Rxc6 38. Bd5 Rxc2 39. b3 Kf4 40. Ka5 Rc5+ 0-1

[Event "Mitropa Cup 21st"]
[Site "Leipzig"]
[Date "2002.05.03"]
[Round "1.4"]
[White "Mohr, Georg"]
[Black "Moor, Olivier"]
[Result "1-0"]
[WhiteElo "2509"]
[BlackElo "2346"]
[Annotator "Horn,Pe"]
[PlyCount "59"]
[EventDate "2002.05.03"]
[EventType "team-tourn"]
[EventRounds "9"]
[EventCountry "GER"]
[Source "ChessBase"]
[SourceDate "2002.08.12"]
[WhiteTeam "Slovenia"]
[BlackTeam "Switzerland"]
[WhiteTeamCountry "SLO"]
[BlackTeamCountry "SUI"]

1. Nf3 d5 2. c4 d4 3. g3 g6 4. Bg2 Bg7 5. O-O e5 6. d3 Ne7 7. b4 O-O 8. a4 a5
9. bxa5 (9. b5 c5 10. bxc6 bxc6 11. Ba3 Na6 12. Nbd2 Rb8 13. Nb3 Nb4 14. Qd2
Qc7 15. Rab1 c5 $132 {Mestel,A-Formanek,E/Hastings 1993}) 9... Rxa5 $146 ({
Ruhiger wäre} 9... Nbc6 10. Nbd2 Nxa5 11. Nb3 Nxb3 12. Qxb3 Nc6 13. Nd2 Na5 14.
Qc2 Bd7 $132 {Ivanov,S-Malaniuk,V/St Petersburg 1996}) 10. Nbd2 Bd7 11. c5 $5 {
Das ist ein echtes Opfer.} Rxc5 ({Nach} 11... Bc6 12. Nc4 {kommt Schwarz an}
Rxc5 {doch nicht vorbei.} 13. Ba3 Rd5 14. Ng5 $44) 12. Nc4 (12. Nb3 Rd5) 12...
e4 13. Nfd2 exd3 14. exd3 Bc6 15. Ne4 Rd5 {Allzu große Sorgen muß sich Schwarz
um den Rd5 nicht machen, da ein "Gewinn" des Rd5 gegen den Bg2 Schwarz
angenehme Aussichten eröffnen würde.} (15... Rh5 $6) 16. Ba3 $44 {[%csl Ga3,
Gc4,Ge4] Der schwarze Mehrbauer (Pc7) wird noch lange keine aktive Rolle
spielen. Deswegen muß Weiß sich nicht (über-)eilen, etwas Konkretes
nachzuweisen. Er vertraut auf seine aktiven Figuren.} Re8 17. Re1 Nf5 18. Qd2
Qc8 ({Hier und in den kommenden Zügen war} 18... b6 {eine Möglichkeit.}) 19.
Na5 Rde5 20. Nxc6 Nxc6 21. Rab1 Nfe7 $2 {Hier hätte Moor aufmerksamer sein
müssen.} ({z.B.} 21... Qa8) 22. f4 $1 {Mohr nutzt die momentan unglückliche
Stellung der schwarzen Figuren sofort aus.} Re6 23. Bh3 Nf5 (23... f5 24. Qa2
Kh8 25. Rec1 (25. Ng5 $2 Rxe1+ 26. Rxe1 h6 $132) 25... h6 26. Nc5 Re3 27. Nxb7
$16) 24. Rb5 Nce7 25. Reb1 b6 26. a5 bxa5 27. Ng5 $1 c6 (27... Re3 28. Qa2 Nc6
29. Qxf7+ Kh8 30. Qc4 Nd8 31. Rxa5 $16) 28. Rb8 Qc7 (28... Qxb8 29. Rxb8 Rxb8
30. Nxe6 fxe6 31. Bxe7 Nxe7 32. Bxe6+) 29. Nxe6 ({Gegen} 29. Rxe8+ $18 {sprach
nichts.}) 29... fxe6 (29... Rxb8 30. Nxc7 Rxb1+) 30. R1b7 (30. R1b7 Qxb8 31.
Rxb8 Rxb8 32. Bxe7 Nxe7 33. Bxe6+) 1-0

[Event "Mitropa Cup 21st"]
[Site "Leipzig"]
[Date "2002.05.04"]
[Round "2.3"]
[White "Groetz, Harald"]
[Black "Cvek, Robert"]
[Result "1/2-1/2"]
[WhiteElo "2353"]
[BlackElo "2430"]
[PlyCount "64"]
[EventDate "2002.05.03"]
[EventType "team-tourn"]
[EventRounds "9"]
[EventCountry "GER"]
[Source "ChessBase"]
[SourceDate "2002.08.12"]
[WhiteTeam "Austria"]
[BlackTeam "Czech Republic"]
[WhiteTeamCountry "AUT"]
[BlackTeamCountry "CZE"]

1. e4 e5 2. Nf3 Nc6 3. Bb5 Nf6 4. O-O Nxe4 5. d4 Nd6 6. Bxc6 dxc6 7. dxe5 Nf5
8. Qxd8+ Kxd8 9. Nc3 h6 10. b3 Ke8 11. Bb2 a5 12. h3 Bb4 13. Ne4 Be6 14. c4 h5
15. Nfg5 Be7 16. a4 h4 17. Bc3 b6 18. Rad1 Rd8 19. Rxd8+ Kxd8 20. g4 hxg3 21.
fxg3 Bxg5 22. Nxg5 Nxg3 23. Rxf7 Bxf7 24. Nxf7+ Ke7 25. Nxh8 Ne2+ 26. Kf2 Nxc3
27. Ke3 Ke6 28. Ng6 c5 29. Kf4 Ne2+ 30. Ke4 Nc3+ 31. Kd3 Na2 32. Ke4 Nc3+
1/2-1/2

[Event "Mitropa Cup 21st"]
[Site "Leipzig"]
[Date "2002.05.04"]
[Round "2.4"]
[White "Jirka, Jiri"]
[Black "Pilaj, Herwig"]
[Result "0-1"]
[WhiteElo "2398"]
[BlackElo "2310"]
[PlyCount "94"]
[EventDate "2002.05.03"]
[EventType "team-tourn"]
[EventRounds "9"]
[EventCountry "GER"]
[Source "ChessBase"]
[SourceDate "2002.08.12"]
[WhiteTeam "Czech Republic"]
[BlackTeam "Austria"]
[WhiteTeamCountry "CZE"]
[BlackTeamCountry "AUT"]

1. d4 Nf6 2. c4 g6 3. g3 c5 4. d5 b5 5. f3 bxc4 6. e4 e6 7. Nc3 Bg7 8. Bxc4 Ba6
9. Bxa6 Nxa6 10. dxe6 fxe6 11. e5 Nd5 12. Nxd5 exd5 13. Qxd5 Nb4 14. Qe4 O-O
15. f4 d5 16. Qe2 c4 17. Nf3 Nd3+ 18. Kf1 g5 19. Kg2 gxf4 20. Bd2 Qd7 21. e6
Qd6 22. e7 Rfe8 23. Rae1 Bf6 24. Qe6+ Qxe6 25. Rxe6 Kf7 26. Rxf6+ Kxf6 27. Bc3+
Kxe7 28. Ne5 Nxe5 29. Bxe5 fxg3 30. hxg3 Ke6 31. Bd4 Re7 32. Rh6+ Kd7 33. Rh5
Kd6 34. Rh6+ Kd7 35. Rh5 Kc6 36. Rh6+ Kc7 37. Rh5 Rd7 38. Rh6 Kb7 39. a4 Rc8
40. a5 Rc6 41. Rh4 Re6 42. Bc3 Re4 43. Rh6 d4 44. a6+ Kb8 45. Ba5 Re5 46. Bb4
Rb5 47. Bd6+ Kc8 0-1

[Event "Mitropa Cup 21st"]
[Site "Leipzig"]
[Date "2002.05.04"]
[Round "2.2"]
[White "Touzane, Olivier"]
[Black "Golubovic, Boris"]
[Result "1/2-1/2"]
[WhiteElo "2352"]
[BlackElo "2462"]
[Annotator "Huebner,R"]
[PlyCount "120"]
[EventDate "2002.05.03"]
[EventType "team-tourn"]
[EventRounds "9"]
[EventCountry "GER"]
[Source "ChessBase"]
[SourceDate "2002.08.12"]
[WhiteTeam "France"]
[BlackTeam "Croatia"]
[WhiteTeamCountry "FRA"]
[BlackTeamCountry "CRO"]

1. d4 d5 2. c4 c6 3. Nc3 Nf6 4. Nf3 dxc4 5. a4 Bf5 6. Ne5 Nbd7 7. Nxc4 Nb6 8.
Ne5 a5 9. f3 Nfd7 10. Nxd7 Nxd7 11. e4 Bg6 12. Be3 e5 $11 (12... e6 13. Be2 Bb4
14. O-O O-O 15. Qb3 Qc7 16. Rac1 Rae8 17. Kh1 $14 {1-0 Kosyrev,V-Kuporosov,V/
St Petersburg 2001/EXT 2002 (51).  (50)}) 13. dxe5 Nxe5 14. Be2 f6 15. Qxd8+
Rxd8 16. Bb6 Ra8 17. O-O-O Bb4 18. Bd4 Bf7 19. f4 Ng6 20. g3 O-O 21. Kc2 Rfe8
22. Bf3 Nf8 23. Bf2 Ne6 24. Bg4 Bc5 25. Bxe6 Bxf2 26. Bxf7+ Kxf7 27. Rd7+ Re7
28. Rhd1 Ke8 29. Rxe7+ Kxe7 30. Ne2 Bc5 31. Kb3 g6 32. Kc4 Bd6 33. Rd3 Re8 34.
g4 Kd7 35. Kd4 Kc7 36. h4 Rd8 37. Kc4 Re8 38. Kd4 Rd8 39. Kc4 Re8 40. Kd4 b6
41. Rf3 Bc5+ 42. Kd3 Rd8+ 43. Kc2 Bb4 44. Rd3 Re8 45. Rd4 Bc5 46. Rc4 h6 47.
Nd4 Bxd4 48. Rxd4 c5 49. Rc4 g5 50. e5 fxe5 51. fxg5 hxg5 52. h5 Rf8 53. Kd3
Kd6 54. Ke3 Ke6 55. Rc2 Rf4 56. Rh2 Kf7 57. Rf2 Kf6 58. Rf3 c4 59. Rf2 Kg7 60.
Rxf4 gxf4+ 1/2-1/2

[Event "Mitropa Cup 21st"]
[Site "Leipzig"]
[Date "2002.05.04"]
[Round "2.3"]
[White "Kovacevic, Blazimir"]
[Black "Dunis, Aurelien"]
[Result "1-0"]
[WhiteElo "2461"]
[BlackElo "2405"]
[PlyCount "103"]
[EventDate "2002.05.03"]
[EventType "team-tourn"]
[EventRounds "9"]
[EventCountry "GER"]
[Source "ChessBase"]
[SourceDate "2002.08.12"]
[WhiteTeam "Croatia"]
[BlackTeam "France"]
[WhiteTeamCountry "CRO"]
[BlackTeamCountry "FRA"]

1. d4 Nf6 2. Nf3 e6 3. c4 b6 4. e3 Bb7 5. Bd3 c5 6. O-O Be7 7. Nc3 cxd4 8. exd4
O-O 9. Qe2 Nc6 10. Rd1 d5 11. a3 Na5 12. cxd5 Nxd5 13. Rb1 Rc8 14. Bd2 Nb3 15.
Ne4 Nxd2 16. Qxd2 Nf6 17. Qe2 Qd5 18. Nc3 Qh5 19. Ne5 Qxe2 20. Bxe2 Rfd8 21.
Rbc1 Kf8 22. Bf3 Bxf3 23. Nxf3 Bd6 24. g3 Nd5 25. Nxd5 exd5 26. Ne5 f6 27. Ng4
Bb8 28. Ne3 Rxc1 29. Rxc1 Kf7 30. b4 g6 31. b5 f5 32. f4 Re8 33. Nxd5 Bd6 34.
a4 Re4 35. Rd1 Rxd4 36. Rxd4 Bc5 37. Kg2 Bxd4 38. Nb4 Ke6 39. Nc6 Kd5 40. Nxa7
Kc5 41. Nc6 Bf6 42. Kf3 Bc3 43. h3 Be1 44. g4 Bd2 45. h4 fxg4+ 46. Kxg4 Be3 47.
Kf3 Bg1 48. Ke4 Bh2 49. f5 gxf5+ 50. Kxf5 Bg1 51. h5 Kc4 52. Kf6 1-0